000 01706nam a2200265Ia 4500
003 Ost
005 20260507074843.0
008 260507s9999||||xx |||||||||||||| ||und||
020 _a84660699319
040 _cfsecg
041 _aara
082 _a338
100 _aماضي، محمد
_eمؤلف
245 0 _aاقتصاديات الطاقة النابضة والمتجددة /
_c محمد ماضي
260 _aالجزائر:
_bالمكتب الجامعي الحديث,
_c2017
300 _a282 صفحة؛
_bمنحنيات ورسومات بيانية
_c24 سم
504 _aبيبليوغرافيا ص.247-281
520 _aهذا الكتاب قسم الى مدخلين أساسين ضمن الاطار العام لاقتصاد الطاقة وهما : المدخل الاول : يتضمن عرض الاطار العام لاساسيات الاقتصاد النفطي ضمن الاطار العام لاقتصاد الطاقة : القاعدة النظرية لماهية البترول ، الاحتياطي ، العرض والطلب البترولي ، التحديات الحالية والمستقبلية لقطاع البترول المدخل الثاني : خصص للحديث عن السوق الدولي للبترول : ماهية السوق النفطي الدولي ، التحليل الاقتصادي للسوق النفطي الدولي، تذب أسعار النفط وتاثير ذلك الاقتصاد العالمي
653 _aاقتصاد
653 _aالطاقة المتجددة
653 _aالطاقة الناضبة
653 _aالنفط الطاقة البترولية
700 _aديب، كمال
_eمؤلف ثانوي
942 _cكتاب
999 _c41527
_d41527